000 00473nam a22001457a 4500
999 _c20244
_d20244
008 240508b ||||| |||| 00| 0 eng d
020 _a9710848011
082 _aDFil 346.02
_bL97 1990
100 _aLuna, Miguela Ancheta.
_956943
245 _aThe law on obligations and contracts /
_cMiguela Ancheta Luna.
260 _aManila :
_bNational Books Store, Inc.,
_c©1990.
300 _a252 pages :
_billustrations ;
_c22 cm.
650 _aContracts.
_957221
942 _2ddc
_cDFIL